000 00509nam a2200181 a 4500
001 000031068
005 20200930062702.0
008 110613s2008 dr a 000 0 spa d
040 _aDO-SdBNP
_bspa
_cBNPHU
082 _axxxx
_bD441l
245 0 0 _aDesarrollando líderes de servicio.
260 _aSanto Domingo :
_bCarlot & Asociados,
_c2008.
300 _a18 p. :
_bil. ;
_c21 cm.
490 1 _aGenerando Pasión
504 _aBibliografía : p. 18
830 0 _aGenerando Pasión
_957550
049 _aBNPD
999 _c30560
_d30560